| 000 | 00372nam a2200169Ia 4500 | ||
|---|---|---|---|
| 100 | _aShaw/Milton C | ||
| 650 | _aMetal cutting | ||
| 942 | _cBK | ||
| 366 | _f1 | ||
| 654 | _ametal cutting | ||
| 245 | _aMetal cutting Principles | ||
| 260 |
_bOxford university press _aMumbai _c2004 |
||
| 082 |
_a671.53/SHA _bSHA |
||
| 300 | _a651 | ||
| 546 | _aENGLISH | ||
| 999 |
_c31476 _d31476 |
||